[Event "BL2-Sued 2223"]
[Site "Germany"]
[Date "2023.02.25"]
[Round "7.2"]
[White "Gschnitzer, Adrian"]
[Black "Shneider, Aleksandr"]
[Result "1-0"]
[WhiteElo "2438"]
[BlackElo "2504"]
[PlyCount "73"]
[EventDate "2022.10.22"]
[EventType "team-tourn"]
[EventRounds "9"]
[EventCountry "GER"]
[SourceTitle "EXT 2024"]
[Source "ChessBase"]
[SourceDate "2023.10.10"]
[SourceVersion "1"]
[SourceVersionDate "2023.10.10"]
[SourceQuality "1"]
[WhiteTeam "Walldorf"]
[BlackTeam "Hofheim"]
[WhiteTeamCountry "GER"]
[BlackTeamCountry "GER"]

1. e4 c5 2. Nf3 d6 3. d4 cxd4 4. Nxd4 Nf6 5. Nc3 a6 6. Bg5 e6 7. f4 Nbd7 8. Qf3 Qc7 9. 0-0-0 b5 10. Bd3 Bb7 11. Rhe1 0-0-0 12. f5 e5 13. Nb3 Be7 14. a4 bxa4 15. Nxa4 Kb8 16. Kb1 Rc8 17. Qe2 Qc6 18. Nc3 Bd8 19. g4 h6 20. Be3 g5 21. fxg6 fxg6 22. Nd5 Qa4 23. Nc3 Qc6 24. h4 h5 25. g5 Ng4 26. Bg1 Rf8 27. Rf1 Bb6 28. Bxa6 Bxg1 29. Bxb7 Qxb7 30. Rxg1 Nc5 31. Rxd6 Nxb3 32. cxb3 Rf2 33. Qa6 Qxa6 34. Rxa6 Rh2 35. Rd1 Rxh4 36. Rb6+ Ka7 37. Rdd6 1-0

[Event "Staufer op 33rd"]
[Site "Schwaebisch Gmuend"]
[Date "2023.01.04"]
[Round "5"]
[White "Gschnitzer, Adrian"]
[Black "Player, Edmund C"]
[Result "1-0"]
[WhiteElo "2437"]
[BlackElo "2180"]
[PlyCount "61"]
[EventDate "2023.01.02"]
[EventType "swiss"]
[EventRounds "9"]
[EventCountry "GER"]
[SourceTitle "CBM 212 Extra"]
[Source "ChessBase"]
[SourceDate "2023.03.31"]
[SourceVersion "1"]
[SourceVersionDate "2023.03.31"]
[SourceQuality "1"]

1. e4 e5 2. Nf3 Nc6 3. Bc4 Bc5 4. c3 Nf6 5. d3 d6 6. 0-0 0-0 7. Re1 a5 8. Bg5 h6 9. Bh4 Bg4 10. Nbd2 g5 11. Bg3 Nh5 12. h3 Bxf3 13. Qxf3 Nxg3 14. Qxg3 Ne7 15. h4 b5 16. Bxb5 Rb8 17. Bc4 Rxb2 18. hxg5 Ng6 19. gxh6 Kh7 20. Rad1 f5 21. exf5 Rxf5 22. d4 exd4 23. Bd3 Rg5 24. Qf4 Kxh6 25. Bxg6 Kxg6 26. cxd4 Bb4 27. Re6+ Kg7 28. Ne4 Rg6 29. Rxg6+ Kxg6 30. Rd3 Rb1+ 31. Kh2 1-0